00629nam a2200193 a 450000100060000000300080000600500170001400800410003103500190007204000280009104100080011908200240012710000480015124500920019925000120029126000540030330000210035765000570037853195BD-RjUL20211209075926.0161004s1961 enk b 00010 eng d a(BD-RjUL)53315 aANLbengdVBAXcBD-RjUL aeng1 a821.9223bLEN 19611 aLeavis, F. R.q(Frank Raymond),d1895-1978.10aNew bearings in English poetry :ba study of the contemporary situation /cF.R. Leavis. aNew ed. aLondon :bChatto & Windus,c1932 [reprinted 1961] a238 p. ;c19 cm. 0aEnglish poetryy20th centuryxHistory and criticism.